Inovatívne podnikateľské modely na Slovensku

Analýza troch podnikateľských modelov, ich unikátnosť a inovatívnosť.

Salvato in:
Dettagli Bibliografici
Autore principale: Bednár, Richard, 1985-
Natura: Capitolo di libro
Lingua:slovacco
Soggetti:
Tags: Aggiungi Tag
Nessun Tag, puoi essere il primo ad aggiungerne!!

MARC

LEADER 00000nla$a2200000$$$4500
001 0145024
005 20240502072614.1
041 0 |a slo 
044 |a SK 
245 1 0 |a Inovatívne podnikateľské modely na Slovensku  |c Richard Bednár 
520 |a Analýza troch podnikateľských modelov, ich unikátnosť a inovatívnosť. 
610 2 0 |a podnikanie 
610 2 0 |a modely 
610 2 0 |a internet 
610 2 0 |a kancelárie cestovné 
610 2 0 |a technológie informačné 
610 2 0 |a inovácia 
610 2 0 |a spoločnosti 
100 1 |a Bednár, Richard, 1985-